Ekonomika verejného obstarávania

Definovanie verejného obstarávania a s ním súvisiacich pojmov. Posúdenie transparentnosti a aktuálneho stavu vo verejnom obstarávaní. Vyhodnotenie verejného obstarávania podľa predmetu zákaziek, počtu postupov a obstarávacích subjektov za rok 2013. Elektronické trhovisko – zmena v rámci verejného ob...

ver descrição completa

Na minha lista:
Detalhes bibliográficos
Autor principal: Kissová, Jana, 1979-
Formato: Capítulo de Livro
Idioma:eslovaco
Assuntos:
Tags: Adicionar Tag
Sem tags, seja o primeiro a adicionar uma tag!

MARC

LEADER 00000nla a2200000 4500
001 0205875
005 20240502073428.3
041 0 |a slo 
044 |a SK 
245 1 0 |a Ekonomika verejného obstarávania  |c Jana Kissová 
520 |a Definovanie verejného obstarávania a s ním súvisiacich pojmov. Posúdenie transparentnosti a aktuálneho stavu vo verejnom obstarávaní. Vyhodnotenie verejného obstarávania podľa predmetu zákaziek, počtu postupov a obstarávacích subjektov za rok 2013. Elektronické trhovisko – zmena v rámci verejného obstarávania. 
610 2 0 |a obstarávanie verejné 
610 2 0 |a legislatíva 
610 2 0 |a správa verejná 
610 2 0 |a obchod elektronický 
610 2 0 |a komunikácia elektronická 
100 1 |a Kissová, Jana, 1979-